Надежность гидротехнических сооружений (Запись № 1346128)

Подробности
000 -МАРКЕР
контрольное поле 01805nam0a2200337 4500
001 - ИДЕНТИФИКАТОР ЗАПИСИ
контрольное поле RU\NLR\bibl\839727
005 - ИДЕНТИФИКАТОР ВЕРСИИ
контрольное поле 20260405082331.0
021 ## - НОМЕР ГОСУДАРСТВЕННОЙ РЕГИСТРАЦИИ
Код страны Российская Федерация
Номер 2005-48407
Номер Листа государственной регистраци 2359
021 ## - НОМЕР ГОСУДАРСТВЕННОЙ РЕГИСТРАЦИИ
Код страны Российская Федерация
Номер 2005-45089
Номер Листа государственной регистраци 2218
035 ## - ДРУГИЕ СИСТЕМНЫЕ НОМЕРА
Идентификатор записи (NLR Aleph) 000828554
100 ## - ДАННЫЕ ОБЩЕЙ ОБРАБОТКИ
Данные общей обработки 20050913d2004 |||y0rusy50 ca
101 0# - ЯЗЫК РЕСУРСА
Язык текста, звукозаписи и т.д. русский
102 ## - СТРАНА ПУБЛИКАЦИИ ИЛИ ПРОИЗВОДСТВА
Страна публикации Российская Федерация
105 ## - ПОЛЕ КОДИРОВАННЫХ ДАННЫХ: ТЕКСТОВЫЕ МАТЕРИАЛЫ, МОНОГРАФИЧЕСКИЕ
Кодированные данные о монографическом текстовом документе a |||||||||
200 1# - ЗАГЛАВИЕ И СВЕДЕНИЯ ОБ ОТВЕТСТВЕННОСТИ
Основное заглавие Надежность гидротехнических сооружений
Сведения, относящиеся к заглавию конспект лекций
-- [для аспирантов и студентов 4-5 курсов гидротехнической специальности]
Первые сведения об ответственности В.С. Перехвальский, А.М. Иванов
Последующие сведения об ответственности М-во трансп. Рос. Федерации, Новосиб. гос. акад. вод. трансп.
210 ## - ПУБЛИКАЦИЯ, РАСПРОСТРАНЕНИЕ И ДР.
Место издания, распространения и т.д. Новосибирск
Имя издателя, распространителя и т. д. Новосибирская государственная академия водного транспорта
Дата издания, распространения и т.д. 2004
215 ## - ФИЗИЧЕСКАЯ ХАРАКТЕРИСТИКА
Специфическое обозначение материала и объем 47 с.
Другие сведения о физической характеристике ил.
Размеры 21
320 ## - ПРИМЕЧАНИЯ О НАЛИЧИИ В ДОКУМЕНТЕ БИБЛИОГРАФИИ / УКАЗАТЕЛЯ
Текст примечания Библиогр.: с. 46 (11 назв.)
606 1# - НАИМЕНОВАНИЕ ТЕМЫ КАК ПРЕДМЕТ
Наименование темы Гидротехнические сооружения
Формальный подзаголовок Руководства, пособия и т.п.
Тематический подзаголовок Надежность
Системный номер авторитетной/нормативной записи 1441343
Идентификатор авторитетной/нормативной записи RU\NLR\auth\66299448
606 1# - НАИМЕНОВАНИЕ ТЕМЫ КАК ПРЕДМЕТ
Наименование темы Гидротехнические сооружения
Формальный подзаголовок Учебные издания
Тематический подзаголовок Надежность
Системный номер авторитетной/нормативной записи 1441343
Идентификатор авторитетной/нормативной записи RU\NLR\auth\66299448
686 ## - ИНДЕКСЫ ДРУГИХ КЛАССИФИКАЦИЙ
Индекс Н77-022.11я7-2
700 #1 - ИМЯ ЛИЦА - ПЕРВИЧНАЯ ОТВЕТСТВЕННОСТЬ
Начальный элемент ввода Перехвальский
Часть имени, кроме начального элемента ввода В. С.
Расширение инициалов личного имени Владимир Сергеевич
Код отношения Автор
701 #1 - ИМЯ ЛИЦА - АЛЬТЕРНАТИВНАЯ ОТВЕТСТВЕННОСТЬ
Код отношения Автор
Графика поля Кириллица
Материалы, к которым относится поле rus
Начальный элемент ввода Иванов
Часть имени, кроме начального элемента ввода А. М.
Дополнения к именам, кроме дат гидротехник
Расширение инициалов личного имени Алексей Михайлович
Системный номер авторитетной/нормативной записи 12058
Идентификатор авторитетной/нормативной записи RU\NLR\AUTH\7729029
801 #0 - ИСТОЧНИК ЗАПИСИ
Страна Российская Федерация
Организация NLR
Дата составления 20050913
Правила каталогизации rcr
801 #1 - ИСТОЧНИК ЗАПИСИ
Страна Российская Федерация
Организация NLR
Дата составления 20050913
830 ## - ОБЩЕЕ ПРИМЕЧАНИЕ, СОСТАВЛЕННОЕ КАТАЛОГИЗАТОРОМ
Текст примечания Авт. по кн
942 ## - ДОПОЛНИТЕЛЬНЫЕ ЭЛЕМЕНТЫ ЗАПИСИ (АБИС)
Тип экземпляра АБИС Книга
980 ## - КОЛЛЕКЦИЯ
Название коллекции Национальная библиография
Экземпляры
Тип экземпляра Дата поступления Источник поступления Библиотека постоянного хранения Библиотека текущего хранения Место хранения Шифр хранения Штрих-код Статус экземпляра
Книга 13.09.2005 Обязательный экземпляр РНБ (Московский) РНБ (Московский) Русский книжный фонд: издания с 1957 года 2005-4/30125 1-406812  
Книга 24.11.2005 Обязательный экземпляр РНБ (Московский) РНБ (Московский) Русский книжный фонд: издания с 1957 года 2005-4/30125 2059390